000 00605nam a2200241Ia 4500
003 OSt
005 20220924150114.0
006 a|||||r|||| 00| 0
007 ta
008 220923b |||||||| |||| 00| 0 tel d
020 _c15
024 _a331793
037 _cTextual
040 _aARTS
_cARTS
_btel
041 _2tel
_atel
082 _aO35,1jN20, L5
100 _aSasstry Mashunapantula S.
_9221273
245 0 _aMadhu kosamu
260 _c1975
650 _aTELUGU POETRY
942 _hO35,1jN20, L5
_cTEXL
_2CC
999 _c462209
_d462209